书目信息 |
| 题名: |
青少年吉他弹唱金曲
|
|
| 作者: | 王迪平 编著 | |
| 分册: | ||
| 出版信息: | 长沙 湖南出版社 2000.04 |
|
| 页数: | 203页 | |
| 开本: | 16开 | |
| 丛书名: | ||
| 单 册: | ||
| 中图分类: | J623.2 | |
| 科图分类: | ||
| 主题词: | 器乐--理论 , 器乐--奏法 , 器乐--演奏 | |
| 电子资源: | ||
| ISBN: | 7-5438-2259-8 | |
| 000 | 00580nam0 2200205 45 | |
| 001 | 0011091972 | |
| 005 | 20080408161037.82 | |
| 010 | @a7-5438-2259-8@d22.00元 | |
| 100 | @a20001109d2000 km y0chiy0120 ea | |
| 101 | 0 | @achi |
| 200 | 1 | @a青少年吉他弹唱金曲@AQing Shao Nian Ji Ta Dan Chang Jin Qu@f王迪平 编著@FWang Di Ping Bian Zhu |
| 210 | @a长沙@c湖南出版社@d2000.04 | |
| 215 | @a203页@d16开 | |
| 606 | 0 | @a器乐@x理论 |
| 606 | 0 | @a器乐@x奏法 |
| 606 | 0 | @a器乐@x演奏 |
| 690 | @aJ623.2@v3 | |
| 701 | 0 | @a王迪平@4编著 |
| 801 | @aCN@c20080408 | |
| 905 | @b400426-430@dJ623.2@eW680@f5 | |
| 青少年吉他弹唱金曲/王迪平 编著.-长沙:湖南出版社,2000.04 |
| 203页;16开 |
| ISBN 7-5438-2259-8:22.00元 |
| ● |
| 相关链接 |
|
|
|
正题名:青少年吉他弹唱金曲
索取号:J623.2/W680
 
预约/预借
| 序号 | 登录号 | 条形码 | 馆藏地/架位号 | 状态 | 备注 |
| 1 | 400426 | 204004264 | 自科二线404/309社科库 95排3列5层/ [索取号:J623.2/W680] | 在馆 | |
| 2 | 400427 | 204004273 | 自科二线404/309社科库 95排3列5层/ [索取号:J623.2/W680] | 在馆 | |
| 3 | 400428 | 204004282 | 社科库309/ [索取号:J623.2/W680] | 在馆 | |
| 4 | 400429 | 204004291 | 社科库309/ [索取号:J623.2/W680] | 在馆 | |
| 5 | 400430 | 204004308 | 社科库309/ [索取号:J623.2/W680] | 在馆 | |
| 6 | 452016 | 204520161 | 社科库309/309社科库 92排4列2层/ [索取号:J623.2/W680] | 在馆 |